000 01082pam a2200349 i 4500
999 _c360
_d360
001 020748516
003 UkOxU
005 20190807105343.0
008 160428r20162011enkaf b 000|0|eng|d
015 _aGBB660189
_2bnb
016 7 _a017833652
_2Uk
020 _a9780141983912 (pbk.) :
035 _a(Uk)017833652
040 _aStDuBDS
_beng
_erda
_cStDuBDS
_dUk
042 _aukblcatcopy
082 0 4 _a709.2 AI
_223
100 1 _aAi, Weiwei,
_einterviewee.
245 1 0 _aAi Weiwei speaks with Hans Ulrich Obrist.
264 1 _aLondon :
_bPenguin Books,
_c2016.
300 _axi, 160 pages, 24 unnumbered pages of plates :
_billustrations ;
_c18 cm
336 _atext
_2rdacontent
337 _aunmediated
_2rdamedia
338 _avolume
_2rdacarrier
500 _aOriginally published: 2011.
500 _aFormerly CIP.
_5Uk
504 _aIncludes bibliographical references.
600 1 0 _aAi, Weiwei
_vInterviews.
650 0 _aArtists
_zChina
_vInterviews.
700 1 _aObrist, Hans Ulrich,
_einterviewer.
942 _2ddc
_cNFIC